Nghiên cứu sử dụng giun đất làm chỉ thị sinh học đánh giá chất lượng môi trường đất nông nghiệp tại thành phố Đà Nẵng

Tổng quan tài liệu: Tình hình và tác hại của ô nhiễm trên Thế giới và Việt Nam. Ảnh hưởng của suy giảm chất lượng đất...Đối tượng, địa điểm và phương pháp nghiên cứu. Kết quả và biện luận.

সংরক্ষণ করুন:
গ্রন্থ-পঞ্জীর বিবরন
প্রধান লেখক: Ngô, Thị Thúy An (Tác giả)
অন্যান্য লেখক: Phạm Thị Hồng Hà T.S (Hướng dẫn)
বিন্যাস: গ্রন্থ
ভাষা:Vietnamese
প্রকাশিত: Đà Nẵng Đại học Sư phạm 2010
বিষয়গুলি:
ট্যাগগুলো: ট্যাগ যুক্ত করুন
কোনো ট্যাগ নেই, প্রথমজন হিসাবে ট্যাগ করুন!
Thư viện lưu trữ: Mạng thư viện Đại học Đà Nẵng
LEADER 01577nam a2200349 4500
001 000012493
003 8796
005 20120221090232.0
008 120221s2010 viesd
041 |a vie 
072 |a Khóa luận tốt nghiệp 
082 |a 592.17  |b NG-A 
100 |a Ngô, Thị Thúy An  |e Tác giả 
245 |a Nghiên cứu sử dụng giun đất làm chỉ thị sinh học đánh giá chất lượng môi trường đất nông nghiệp tại thành phố Đà Nẵng  |c Ngô Thị Thúy An 
260 |a Đà Nẵng  |b Đại học Sư phạm  |c 2010 
300 |a 38 tr.  |c 29 cm 
500 |a Khóa luận tốt nghiệp khoa Sinh - Môi trường 
520 |a Tổng quan tài liệu: Tình hình và tác hại của ô nhiễm trên Thế giới và Việt Nam. Ảnh hưởng của suy giảm chất lượng đất...Đối tượng, địa điểm và phương pháp nghiên cứu. Kết quả và biện luận. 
653 |a Giun đất 
653 |a Đất nông nghiệp 
653 |a Nghiên cứu 
700 |a Phạm Thị Hồng Hà  |c T.S  |e Hướng dẫn 
OWN |a LSP 
AVA |a UDN50  |b LSP  |d 592.17 NG-A  |e available  |t Error 5001 Not defined in file expand_doc_bib_avail.  |f 1  |g 0  |h N  |i 0  |k 1 
999 |a From the UDN01 
AVA |a UDN50  |b LSP  |d 592.17 NG-A  |e available  |t Error 5001 Not defined in file expand_doc_bib_avail.  |f 1  |g 0  |h N  |i 0  |k 1 
TYP |a Monograph 
TYP |a Printed language 
980 |a Mạng thư viện Đại học Đà Nẵng